A Million Ways Characters Quiz Stats

 Plays Quiz not verified by Sporcle

Score 0/20 Timer 04:00
0 Plays Today
% Correct
Albert Stark
89.4%
Clinch Leatherwood
89.4%
Foy
86.2%
Anna Barnes
84%
Louise
81.9%
Ruth
75.5%
Django Freeman
67%
Edward
63.8%
Doc Brown
53.2%
Abraham Lincon
45.7%
% Correct
Millie
44.7%
Comedian
40.4%
Lewis
21.3%
Marcus Thornton
20.2%
George Stark
17%
Cochise
16%
Sheriff
13.8%
Smiling Man
12.8%
Pastor Wilson
9.6%
Dan
6.4%

You're not logged in!

Compare scores with friends on all Sporcle quizzes.
OR
Log In

Sporcle TV

Today on Sporcle TV


Watch our educational content, quiz creation guides, and fun videos on Sporcle TV.

Show Comments

Extras

Top Quizzes Today


Score Distribution

Your Account Isn't Verified!

In order to create a playlist on Sporcle, you need to verify the email address you used during registration. Go to your Sporcle Settings to finish the process.

Report this User

Report this user for behavior that violates our Community Guidelines.

Details: